Fill in the Blank: WoT Chapters (Book 9) Quiz Stats

 Plays Quiz not verified by Sporcle

Challenge
Share
Tweet
Embed
Score 0/36 Timer 10:00
0 Plays Today
Chapter Title Missing Word/Part of Word % Correct
Out of Thin ______Air
89.5%
To Surprise ______ and KingsQueens
87.7%
A Cup of ______Tea
84.2%
Leaving the ______Prophet
80.7%
What a _____ HidesVeil
78.9%
______Bonds
78.9%
A Portion of ______Wisdom
78.9%
______Taken
77.2%
______ RibbonsPink
77.2%
______ the CounselsAmong
77.2%
To Lose the ______Sun
73.7%
Prologue: ______Snow
71.9%
Questions of ______Treason
71.9%
What the ______ SaidAelfinn
71.9%
With the Choedan ______Kal
71.9%
The Scent of ______Madness
70.2%
An ______ EncounterUnexpected
70.2%
Cold, ______ RaindropsFat
70.2%
Chapter Title Missing Word/Part of Word % Correct
Sea Folk and ______Kin
66.7%
The Streets of ______Caemlyn
64.9%
In Need of a ______Bellfounder
63.2%
______Flags
59.6%
______ of ImportanceIdeas
56.1%
A ______ in WinterLily
56.1%
A Matter of ______Property
56.1%
A Plan ______Succeeds
54.4%
News in a _____ SackCloth
54.4%
Another ______Plan
50.9%
______ NewsWonderful
49.1%
______ WomenThree
43.9%
Blue ______ StreetCarp
42.1%
An ______Offer
36.8%
______Customs
29.8%
______Offers
28.1%
The ______'s SecretHummingbird
26.3%
______Expectation
3.5%

You're not logged in!

Compare scores with friends on all Sporcle quizzes.
OR
Log In

You Might Also Like...

Show Comments

Extras

Top Quizzes Today


Score Distribution

Your Account Isn't Verified!

In order to create a playlist on Sporcle, you need to verify the email address you used during registration. Go to your Sporcle Settings to finish the process.

Report this User

Report this user for behavior that violates our Community Guidelines.

Details: